Poemas (Record no. 122057)

MARC details
000 -LEADER
campo de control de longitud fija 00770nam a2200229 4500
001 - NÚMERO DE CONTROL
campo de control 122057
003 - IDENTIFICADOR DE NÚMERO DE CONTROL
campo de control ES-MaACL
007 - CAMPO FIJO DE DESCRIPCIÓN FÍSICA--INFORMACIÓN GENERAL
campo de control de longitud fija t|
008 - DATOS DE LONGITUD FIJA--INFORMACIÓN GENERAL
campo de control de longitud fija 070214s1982 sp r ||||1| spa d
245 00 - MENCIÓN DEL TÍTULO
Título Poemas
Resto del título : (primera selección de nuevas voces) /
Mención de responsabilidad, etc. Lola Dean, Pilar Monzón, Amaranta Ortega, Mari Carmen Tobajas.
250 ## - MENCION DE EDICION
Mención de edición 1ª ed.
260 ## - PUBLICACIÓN, DISTRIBUCIÓN, ETC.
Lugar de publicación, distribución, etc. Madrid :
Nombre del editor, distribuidor, etc. Torremozas,
Fecha de publicación, distribución, etc. 1982.
300 ## - DESCRIPCIÓN FÍSICA
Extensión 94 p. ;
Dimensiones 17 cm.
490 1# - MENCIÓN DE SERIE
Mención de serie Col. de poesía de mujeres ;
Designación de volumen o secuencia 1
700 1# - ENTRADA AGREGADA--NOMBRE PERSONAL
Nombre de persona Dean, Lola.
9 (RLIN) 43096
700 1# - ENTRADA AGREGADA--NOMBRE PERSONAL
Nombre de persona Monzón, Pilar.
9 (RLIN) 82777
700 1# - ENTRADA AGREGADA--NOMBRE PERSONAL
Nombre de persona Ortega, Amaranta.
9 (RLIN) 87393
700 1# - ENTRADA AGREGADA--NOMBRE PERSONAL
Nombre de persona Tobajas, Mari Carmen.
9 (RLIN) 110368
830 00 - PUNTO DE ACCESO ADICIONAL DE SERIE-TÍTULO UNIFORME
Título uniforme Colección Torremozas de poesía de mujeres
Designación de volumen o secuencia 1
9 (RLIN) 177494
852 ## - LOCALIZACIÓN
Ubicación ES-MaACL
Número de control de estantería L-5407
Sublocalización o colección R.105843
Holdings
Estatus retirado Estado de pérdida Estado de daño No para préstamo Biblioteca de origen Biblioteca actual Ubicación en estantería Fecha de adquisición Fuente de adquisición Total de préstamos Signatura topográfica completa Código de barras Visto por última vez Precio de reemplazo Tipo de ítem Koha
        Biblioteca del Ateneo de Madrid Biblioteca del Ateneo de Madrid Depósito 2 17/01/2008     L-5407 1127196 23/02/2023 23/02/2023 Libro impreso